| 000 | 00482nam a2200157 a 4500 | ||
|---|---|---|---|
| 001 | 000030858 | ||
| 005 | 20200930062543.0 | ||
| 008 | 110602d1936 dr 000 0 spa d | ||
| 040 |
_aDO-SdBNP _bspa _cBNPHU |
||
| 082 |
_axxx _bS961p |
||
| 100 | 1 |
_aSuriñach, Ramón A. _955823 |
|
| 245 | 1 | 4 |
_aLos poemas del amor y de la ausencia / _cRamón A. Suriñach. |
| 260 |
_aCiudad Trujillo, República Dominicana : _bImprenta Antonieta, _c1936. |
||
| 300 |
_a15 p. ; _c22 cm. |
||
| 049 | _aBNPD | ||
| 999 |
_c30350 _d30350 |
||